Frank Lloyd Wright versus America : the 1930s /

Bibliographic Details
Main Author: Johnson, Donald Leslie
Format: Book
Language:English
Published: Cambridge, Mass. : MIT Press, [1990]
Subjects:

MARC

Tag First Indicator Second Indicator Subfields
LEADER 00000cam a2200000 a 4500
001 in00001007286
005 20150927215059.0
008 900111s1990 maua b 00110beng
010 |a  90030650  
020 |a 0262100444 
035 |a (OCoLC)21041382 
035 |9 AFD5712AM 
040 |a DLC  |c DLC  |d TXA  |d UtOrBLW 
043 |a n-us--- 
049 |a TXAM 
050 0 0 |a NA737.W7  |b J6 1990 
082 0 0 |a 720/.92  |a B  |2 20 
100 1 |a Johnson, Donald Leslie. 
245 1 0 |a Frank Lloyd Wright versus America :  |b the 1930s /  |c Donald Leslie Johnson. 
264 1 |a Cambridge, Mass. :  |b MIT Press,  |c [1990] 
264 4 |c ©1990 
300 |a xi, 436 pages :  |b illustrations ;  |c 20 x 26 cm. 
336 |a text  |b txt  |2 rdacontent 
337 |a unmediated  |b n  |2 rdamedia 
338 |a volume  |b nc  |2 rdacarrier 
504 |a Includes bibliographical references (pages [403]-411) and index. 
600 1 0 |a Wright, Frank Lloyd,  |d 1867-1959. 
650 0 |a Architects  |z United States  |v Biography. 
999 |a MARS 
999 f f |s fcc612e1-5bcc-39fa-bc55-8d34f92a355a  |i 64aefc5e-d6da-3b22-8529-4044daa78acc  |t 0 
952 f f |p normal  |a Texas A&M University  |b College Station  |c Sterling C. Evans Library  |d Evans: Library Stacks  |t 0  |e NA737.W7 J6 1990  |h Library of Congress classification  |i unmediated -- volume  |m A14814384489 
998 f f |a NA737.W7 J6 1990  |t 0  |l Evans: Library Stacks